[Event "1/64 Finale"]
[Site "www.chess-mail.com"]
[Date "2015.08.22"]
[Round "1"]
[White "Jhw"]
[Black "Hennie4820"]
[WhiteElo "2400"]
[BlackElo "1970"]
[Result "0-1"]
[Round "1"]
1.c4 Ng8f6
2.Ng1f3 g6
3.d4 c5
4.d5 b5
5.e3 Bf8g7
6.Qd1d2 O-O
7.cxb5 a6
8.bxa6 d6
9.Nb1c3 Nb8d7
10.e4 Bc8xa6
11.Bf1xa6 Ra8xa6
12.O-O Qd8b6
13.b3 Nf6xe4
14.Qd2d3 Ne4xc3
15.Kh1 Nc3xd5
16.Ra1b1 Nd5c3
17.Rb1b2 Ra6xa2
18.Rf1e1 e6
19.Rb2xa2 Nc3xa2
{ resign }
0-1

[Event "Tourn. n8356"]
[Site "www.chess-mail.com"]
[Date "2015.08.23"]
[Round "1"]
[White "Vogue"]
[Black "Guidom"]
[WhiteElo "2100"]
[BlackElo "2200"]
[Result "1-0"]
[Round "1"]
1.c4 c5
2.g3 Nb8c6
3.Nb1c3 g6
4.Bf1g2 Bf8g7
5.e3 d6
6.Ng1e2 Ng8f6
7.d4 O-O
8.O-O Bc8g4
9.d5 Nc6e5
10.f3 Bg4d7
11.b3 g5
12.Qd1c2 h6
13.f4 gxf4
14.exf4 Ne5g6
15.Bc1b2 Bd7g4
16.Nc3d1 Qd8d7
17.Nd1e3 Bg4h3
18.Bg2xh3 Qd7xh3
19.f5 Ng6e5
20.Ne2f4 Qh3xf1
21.Ra1xf1 Nf6d7
22.f6 exf6
23.Nf4h5 Ra8e8
24.Ne3f5 { resign }
1-0

[Event "Tourn. n8338"]
[Site "www.chess-mail.com"]
[Date "2015.08.23"]
[Round "1"]
[White "Umzi"]
[Black "Luban"]
[WhiteElo "2190"]
[BlackElo "2090"]
[Result "0-1"]
[Round "1"]
1.e4 c5
2.Ng1f3 d6
3.d4 cxd4
4.Nf3xd4 Ng8f6
5.Nb1c3 a6
6.Bf1e2 e6
7.O-O Bf8e7
8.Kh1 Qd8c7
9.f4 Bc8d7
10.Be2f3 Nb8c6
11.Nd4b3 O-O
12.f5 Rf8d8
13.Bc1f4 exf5
14.Nc3d5 Nf6xd5
15.exd5 Nc6e5
16.c3 g5
17.Bf4g3 Be7f6
18.h3 f4
19.Bg3h2 Bd7f5
20.Nb3d4 Bf5g6
21.Bf3h5 Ne5c4
22.Bh5xg6 hxg6
23.Bh2xf4 gxf4
24.Rf1xf4 Bf6xd4
25.Qd1xd4 Nc4e5
26.Ra1f1 Rd8d7
27.g4 Kg7
28.g5 Ra8h8
{ resign }
0-1

[Event "Tourn. n8308"]
[Site "www.chess-mail.com"]
[Date "2015.08.23"]
[Round "1"]
[White "Abuelo"]
[Black "Guidom"]
[WhiteElo "2080"]
[BlackElo "2070"]
[Result "1/2-1/2"]
[Round "1"]
1.e4 e5
2.Ng1f3 Nb8c6
3.Bf1b5 Ng8f6
4.Bb5xc6 dxc6
5.d3 Bc8g4
6.h3 Bg4h5
7.Nb1d2 Bf8d6
8.O-O O-O
9.a3 Qd8e7
10.Qd1e1 Bd6c5
11.b4 Bc5b6
12.Bc1b2 Nf6d7
13.c4 f6
14.c5 Bb6xc5
15.bxc5 Nd7xc5
16.a4 Nc5xd3
17.Bb2a3 Nd3xe1
18.Ba3xe7 Ne1xf3
19.Nd2xf3 Rf8e8
20.Be7b4 Re8d8
21.Nf3h4 Rd8d4
22.Bb4c3 Rd4xe4
23.Nh4f5 Ra8d8
24.Nf5g3 Re4h4
25.Rf1b1 b6
26.a5 Rh4c4
27.Bc3xe5 Bh5g6
28.Be5xc7 Rd8c8
29.axb6 axb6
30.Rb1xb6 Rc8xc7
31.Rb6b8 Kf7
32.f3 { draw }
1/2-1/2

[Event "Tourn. n8343"]
[Site "www.chess-mail.com"]
[Date "2015.08.23"]
[Round "1"]
[White "Asoka"]
[Black "Rons"]
[WhiteElo "2650"]
[BlackElo "2570"]
[Result "1-0"]
[Round "1"]
1.e4 c5
2.Ng1f3 d6
3.Bf1b5 Bc8d7
4.Bb5xd7 Qd8xd7
5.d4 cxd4
6.Qd1xd4 Nb8c6
7.Qd4d3 g6
8.Nb1c3 Bf8g7
9.O-O Ng8f6
10.h3 O-O
11.Rf1d1 Rf8d8
12.Bc1g5 Nf6h5
13.Qd3e3 Ra8c8
14.Nc3d5 Bg7xb2
15.Ra1b1 Bb2g7
16.e5 Bg7xe5
17.Nf3xe5 Nc6xe5
18.Nd5xe7 { resign }
1-0

[Event "Tourn. n8320"]
[Site "www.chess-mail.com"]
[Date "2015.08.23"]
[Round "1"]
[White "Krystek23"]
[Black "Jose"]
[WhiteElo "2400"]
[BlackElo "2670"]
[Result "0-1"]
[Round "1"]
1.c4 f5
2.Nb1c3 Ng8f6
3.g3 e6
4.Bf1g2 Bf8e7
5.Ng1f3 O-O
6.d4 Nf6e4
7.O-O d6
8.Qd1c2 Ne4xc3
9.Qc2xc3 a5
10.Rf1e1 Nb8c6
11.Re1d1 Be7f6
12.d5 Bf6xc3
13.dxc6 Bc3f6
14.Nf3d4 Bf6xd4
15.cxb7 Bc8xb7
16.Bg2xb7 Ra8b8
17.Bb7f3 Bd4xb2
18.Bc1xb2 Rb8xb2
19.a4 Qd8f6
20.Ra1c1 g5
21.Bf3g2 Rb2xe2
22.Rd1e1 Re2xf2
23.Kxf2 Qf6d4
24.Kf1 f4
25.gxf4 Rf8xf4
26.Ke2 Rf4f2

0-1

[Event "Match"]
[Site "www.echecsemail.com"]
[Date "2015.08.23"]
[Round "1"]
[White "Jhw"]
[Black "Krystek23"]
[WhiteElo "1779"]
[BlackElo "2380"]
[Result "0-1"]
[Round "1"]
1.d4 Ng8f6
2.c4 g6
3.Nb1c3 Bf8g7
4.e4 d6
5.b4 O-O
6.h3 c6
7.Bf1e2 c5
8.bxc5 dxc5
9.e5 Nf6d7
10.Nc3a4 cxd4
11.f4 Qd8a5
12.Bc1d2 Qa5c7
13.Bd2b4 Nb8c6
14.a3 Nd7xe5
15.fxe5 Nc6xe5
16.Ra1c1 Bc8e6
17.Na4c5 Ne5c6
18.Nc5xe6 fxe6
19.Ng1f3 Qc7g3
20.Kf1 d3
21.Qd1xd3 Nc6xb4
22.axb4 Qg3e5
23.Qd3d7 a5
24.Qd7xe7 axb4
25.Qe7xb7 Qe5e3
26.Rc1d1 Ra8a2
27.Rd1d7 Qe3xe2
{ resign }
0-1

[Event "Match"]
[Site "www.echecsemail.com"]
[Date "2015.08.23"]
[Round "1"]
[White "Heiserman"]
[Black "Jhw"]
[WhiteElo "2250"]
[BlackElo "2039"]
[Result "1-0"]
[Round "1"]
1.d4 c5
2.d5 Qd8b6
3.Ng1f3 f6
4.g3 e6
5.e4 g5
6.Nf3xg5 fxg5
7.Qd1h5 Kd8
8.Bc1xg5 Ng8e7
9.b3 Qb6b4
10.Nb1d2 Qb4c3
11.Ra1d1 Qc3xc2
12.Bf1h3 d6
13.O-O b5
14.dxe6 Nb8c6
15.Nd2f3 Kc7
16.Qh5f7 Qc2xe4
17.Nf3h4 Rh8g8
18.Bg5f4 Nc6e5
19.Bf4xe5 Qe4xe5
20.Rf1e1 Qe5g7
21.Qf7f4 Ne7g6
22.Nh4xg6 hxg6
23.Bh3g2 Ra8b8
24.Rd1d5 Rb8b6
25.Rd5xc5 Kd8
26.Re1d1 Bc8xe6
27.Qf4e4 Qg7d7
28.Qe4a8 Ke7
29.Rc5e5 Kf7
30.Qa8f3 Ke7
31.Bg2h3 dxe5
32.Rd1xd7 Kxd7
33.Qf3d3 Bf8d6
34.Bh3xe6 Kxe6
35.b4 Bd6xb4
36.Qd3b3 Kf5
37.Qb3xg8 Rb6a6
38.Qg8c8 Ra6e6
39.g4 Kf6
40.h4 Re6e7
41.Qc8f8 Ke6
42.g5 Bb4d6
43.Qf8f6 Kd7
44.Qf6xg6 e4
45.Qg6f5 Kc6
46.Qf5c8 Kb6
47.g6 Re7c7
48.Qc8d8 Bd6e7
49.Qd8d4 Be7c5
50.Qd4xe4 Rc7e7
51.Qe4xe7 Bc5xe7
52.g7 { resign }
1-0

[Event "Match"]
[Site "www.echecsemail.com"]
[Date "2015.08.23"]
[Round "1"]
[White "Libiesse"]
[Black "Jhw"]
[WhiteElo "2130"]
[BlackElo "1779"]
[Result "0-1"]
[Round "1"]
1.d4 c5
2.e3 cxd4
3.exd4 e6
4.Ng1f3 g6
5.c3 a6
6.Bf1d3 Nb8c6
7.O-O d5
8.Rf1e1 Bf8d6
9.Nb1d2 Bc8d7
10.Nd2b3 b6
11.Qd1e2 b5
12.Nb3c5 Bd6xc5
13.dxc5 Nc6a7
14.b4 Qd8c8
15.Bc1f4 f6
16.Ra1d1 g5
17.Bf4g3 Ng8e7
18.Nf3d4 Na7c6
19.Nd4xe6 Kf7
20.Ne6d4 Ne7f5
21.Nd4xf5 Bd7xf5
22.Bd3xf5 Qc8xf5
23.Qe2h5 Kg7
24.Qh5f3 Qf5xf3
25.gxf3 a5
26.Rd1xd5 axb4
27.Rd5d6 Rh8c8
28.Re1e6 bxc3
29.Rd6xc6 c2
30.Rc6xc8 c1Q
31.Kg2 Ra8xc8
32.Re6e7 Kg6
33.Bg3d6 Qc1b2
34.Re7a7 Rc8e8
{ resign }
0-1

[Event "Match"]
[Site "www.echecsemail.com"]
[Date "2015.08.23"]
[Round "1"]
[White "Jhw"]
[Black "Gilliere"]
[WhiteElo "1779"]
[BlackElo "1790"]
[Result "1-0"]
[Round "1"]
1.d4 Ng8f6
2.c4 g6
3.g3 Bf8g7
4.Bf1g2 d6
5.Nb1c3 O-O
6.Qd1b3 Nb8d7
7.e3 Ra8b8
8.Nc3b5 a6
9.Nb5a7 Nd7b6
10.Na7xc8 Qd8xc8
11.Ng1e2 Nb6d7
12.a4 e5
13.Qb3d3 exd4
14.exd4 Rf8e8
15.Ra1b1 Nd7b6
16.a5 Nb6d7
17.O-O Re8e7
18.Ne2f4 Qc8e8
19.Bc1e3 Nf6g4
20.Be3d2 Ng4f6
21.Rf1e1 Re7xe1
22.Rb1xe1 Qe8d8
23.b4 c5
24.Bd2c3 cxd4
25.Qd3xd4 Qd8f8
26.Qd4a7 Qf8c8
27.Qa7d4 Qc8f8
28.Re1d1 Nf6e8
29.Qd4e3 Bg7xc3
30.Qe3xc3 Qf8g7
31.Qc3e3 Qg7f8
32.Bg2d5 Nd7f6
33.Qe3b6 Qf8e7
34.Qb6d4 Nf6xd5
35.Nf4xd5 Qe7g5
36.f4 Qg5d8
37.Rd1e1 h5
38.Re1xe8 Qd8xe8
39.Nd5f6 Kf8
40.Nf6xe8 Rb8xe8
41.Qd4xd6 Kg8
42.Qd6d7 Re8e1
43.Kg2 Re1e2
44.Kh3 Re2c2
45.Qd7xb7 Rc2xc4
46.Qb7xa6 Rc4xb4
47.Qa6a8 Kg7
48.a6 { resign }
1-0

[Event "Tourn. n8367"]
[Site "www.chess-mail.com"]
[Date "2015.08.24"]
[Round "1"]
[White "Bojan"]
[Black "Culiflori"]
[WhiteElo "1970"]
[BlackElo "1960"]
[Result "0-1"]
[Round "1"]
1.e4 e5
2.Ng1f3 Nb8c6
3.Bf1c4 Bf8c5
4.a3 Ng8f6
5.c3 Nf6xe4
6.d4 exd4
7.Qd1e2 O-O
8.cxd4 Nc6xd4
9.Nf3xd4 Bc5xd4
10.O-O d5
11.Bc4d3 Rf8e8
12.Qe2f3 Qd8f6
13.Qf3xf6 Bd4xf6
14.Ra1a2 c5
15.b3 Bc8d7
16.Nb1d2 Ne4xd2
17.Ra2xd2 Bf6g5
18.Rd2d1 Bg5xc1
19.Rd1xc1 b6
20.Rf1e1 g6
21.Re1e2 Re8xe2
22.Bd3xe2 Ra8e8
23.Kf1 Bd7e6
24.Be2b5 Re8d8
25.f3 Be6d7
26.Bb5e2 d4
27.b4 Rd8c8
28.bxc5 bxc5
29.Be2c4 Bd7e6
30.Bc4a6 Rc8c7
31.Ke2 c4
32.a4 Kg7
33.g4 Kf6
34.h3 Ke5
35.Rc1e1 Kf4
36.Kf2 Be6d5
37.Re1b1 c3
38.Ba6d3 Bd5c4
39.Bd3e2 d3
40.Be2f1 d2
{ resign }
0-1

[Event "Match"]
[Site "www.echecsemail.com"]
[Date "2015.08.24"]
[Round "1"]
[White "Cathar"]
[Black "Gimmyg"]
[WhiteElo "2310"]
[BlackElo "2400"]
[Result "0-1"]
[Round "1"]
1.d4 d6
2.e4 c6
3.f4 d5
4.e5 Bc8f5
5.Bc1e3 Qd8b6
6.b3 e6
7.Ng1f3 Ng8h6
8.h3 Bf5e4
9.g4 c5
10.c3 Nb8c6
11.Nb1d2 cxd4
12.cxd4 Bf8b4
13.Kf2 Be4g6
14.Bf1e2 O-O
15.Kg2 Bb4a3
16.Be3f2 Kh8
17.f5 exf5
18.g5 Nh6g8
19.h4 Bg6h5
{ resign }
0-1

[Event "Match"]
[Site "www.echecsemail.com"]
[Date "2015.08.24"]
[Round "1"]
[White "Jhw"]
[Black "Johndyson"]
[WhiteElo "2099"]
[BlackElo "2420"]
[Result "0-1"]
[Round "1"]
1.Ng1f3 d5
2.d4 Ng8f6
3.Bc1g5 Nf6e4
4.Qd1d3 Bc8f5
5.Qd3b5 Nb8c6
6.Nb1c3 Ne4xg5
7.Nf3xg5 Bf5d7
8.Nc3xd5 e6
9.O-O-O Qd8xg5
10.f4 Qg5xd5
11.Qb5xb7 Ra8b8
{ resign }
0-1

[Event "Match"]
[Site "www.echecsemail.com"]
[Date "2015.08.24"]
[Round "1"]
[White "Ranjachess"]
[Black "Rindrandria"]
[WhiteElo "1680"]
[BlackElo "1650"]
[Result "1-0"]
[Round "1"]
1.e4 Nb8c6
2.Ng1f3 d6
3.Bf1c4 Bc8g4
4.d3 h6
5.h3 Bg4h5
6.Bc4b5 Qd8d7
7.e5 dxe5
8.g4 e4
9.dxe4 Qd7xd1
10.Kxd1 O-O-O
11.Ke2 Bh5g6
12.Nb1c3 Nc6b4
13.Bc1e3 Nb4xc2
14.Ra1d1 a6
15.Rd1xd8 Kxd8
16.Rh1d1 Kc8
17.Bb5d7 Kb8
18.Nf3e5 Bg6h7
19.Ne5xf7 e5
20.Bd7a4 Nc2d4
21.Be3xd4 exd4
22.Rd1xd4 Bf8e7
23.Nf7xh8 c5
24.Rd4d7 b5
25.Ba4c2 b4
26.Nc3d5 Be7f6
27.Nd5xf6 Ng8xf6
28.Rd7xg7 Bh7xe4
29.Bc2xe4 Nf6xe4
30.Nh8f7 c4
31.Nf7xh6 c3
32.bxc3 Ne4xc3
33.Kd2 a5
34.Kc2 Nc3xa2
35.Kb2 Na2c3
36.Rg7g5 a4
37.Rg5a5 Kb7
38.g5 Kb6
39.g6 Kxa5
40.g7 a3
41.Kb3 a2
42.g8Q Kb5
43.Kb2 Ka4
44.f4 b3
45.Qg8xb3 Ka5
46.Qb3xc3 { resign }
1-0

[Event "Match"]
[Site "www.echecsemail.com"]
[Date "2015.08.24"]
[Round "1"]
[White "Bojan"]
[Black "Jhw"]
[WhiteElo "1970"]
[BlackElo "1880"]
[Result "0-1"]
[Round "1"]
1.d4 c5
2.dxc5 Qd8a5
3.Nb1c3 e6
4.g3 Bf8xc5
5.Qd1d3 Nb8c6
6.Bc1d2 Nc6b4
7.Qd3e4 f5
8.Qe4e5 Bc5xf2
9.Kxf2 Qa5xe5
10.Bd2f4 Qe5c5
11.Bf4e3 Qc5c4
12.Ra1d1 Nb4xc2
13.Be3d2 Qc4d4
14.Kg2 b6
15.Kh3 Qd4g4
16.Kg2 Bc8b7
17.Ng1f3 Nc2d4
{ resign }
0-1

[Event "Match"]
[Site "www.echecsemail.com"]
[Date "2015.08.24"]
[Round "1"]
[White "Pinehill"]
[Black "Fres"]
[WhiteElo "1980"]
[BlackElo "1339"]
[Result "1-0"]
[Round "1"]
1.e4 e5
2.d4 exd4
3.c3 dxc3
4.Bf1c4 Bf8b4
5.bxc3 Qd8f6
6.Bc1b2 Bb4c5
7.Ng1f3 Qf6b6
8.Qd1d5 Bc5xf2
9.Kf1 Ng8h6
10.Bc4b3 O-O
11.c4 Bf2e3
12.Nb1d2 d6
13.h3 Bc8e6
14.Qd5h5 Nb8d7
15.g4 Kh8
16.Ra1e1 a5
17.Nf3g5 Be3xd2
18.Qh5xh6 { resign }
1-0

[Event "Match"]
[Site "www.echecsemail.com"]
[Date "2015.08.24"]
[Round "1"]
[White "Jhw"]
[Black "Numanoid"]
[WhiteElo "2329"]
[BlackElo "2490"]
[Result "0-1"]
[Round "1"]
1.Ng1f3 g6
2.c4 Bf8g7
3.d4 c5
4.Nb1c3 cxd4
5.Nf3xd4 Nb8c6
6.e3 Ng8f6
7.Nd4xc6 bxc6
8.g3 O-O
9.Bf1g2 Bc8a6
10.b3 Nf6e4
11.O-O Ne4xc3
{ resign }
0-1

[Event "Match"]
[Site "www.echecsemail.com"]
[Date "2015.08.24"]
[Round "1"]
[White "Cathar"]
[Black "Stevefillion"]
[WhiteElo "2310"]
[BlackElo "2300"]
[Result "0-1"]
[Round "1"]
1.d4 Ng8f6
2.c4 c5
3.d5 e6
4.Nb1c3 exd5
5.cxd5 d6
6.e4 g6
7.Ng1f3 Bf8g7
8.Bf1e2 O-O
9.O-O a6
10.a4 Bc8g4
11.Bc1f4 Rf8e8
12.h3 Nf6xe4
{ resign }
0-1

[Event "Match"]
[Site "www.echecsemail.com"]
[Date "2015.08.24"]
[Round "1"]
[White "Geodad5"]
[Black "Whitekknight"]
[WhiteElo "2180"]
[BlackElo "1910"]
[Result "1-0"]
[Round "1"]
1.e4 e5
2.Ng1f3 d6
3.d4 exd4
4.Nf3xd4 Ng8f6
5.Bf1d3 Bc8d7
6.O-O Bf8e7
7.Nb1c3 O-O
8.h3 Nb8c6
9.Bc1e3 Nc6xd4
10.Be3xd4 c5
11.Bd4e3 Rf8e8
12.f4 Kh8
13.e5 dxe5
14.fxe5 Nf6g8
15.Rf1xf7 Bd7e6
16.Qd1h5 { resign }
1-0

[Event "Match"]
[Site "www.echecsemail.com"]
[Date "2015.08.24"]
[Round "1"]
[White "Jhw"]
[Black "Stevep84"]
[WhiteElo "1779"]
[BlackElo "2170"]
[Result "0-1"]
[Round "1"]
1.d4 d5
2.Nb1c3 Ng8f6
3.Bc1f4 Bc8f5
4.Nc3b5 Nb8a6
5.c3 c6
6.Nb5a3 e6
7.b4 Bf8d6
8.Bf4xd6 Qd8xd6
9.Qd1b3 O-O
10.e3 Na6c7
11.f3 Rf8e8
12.f4 Nf6e4
13.g3 f6
14.b5 Ra8b8
15.Ra1c1 Kh8
16.c4 e5
17.c5 Qd6e7
18.b6 axb6
19.cxb6 Nc7a8
20.Bf1e2 Na8xb6
21.Be2h5 Re8d8
22.g4 Bf5g6
23.Bh5xg6 hxg6
24.Ng1f3 exf4
25.Nf3h4 Kh7
26.Nh4g2 fxe3
27.Ng2xe3 Ne4g5
28.Rc1c3 Ng5f3
29.Ke2 Nf3xd4
{ resign }
0-1

[Event "Match"]
[Site "www.echecsemail.com"]
[Date "2015.08.24"]
[Round "1"]
[White "Susov"]
[Black "Raulazo"]
[WhiteElo "1850"]
[BlackElo "1980"]
[Result "0-1"]
[Round "1"]
1.e4 e5
2.Ng1f3 Nb8c6
3.Nb1c3 Ng8f6
4.Bf1c4 h6
5.a3 Nc6a5
6.Bc4a2 Bf8c5
7.Nf3xe5 O-O
8.d4 Bc5b6
9.Bc1e3 d6
10.Ne5xf7 Rf8xf7
11.Ba2xf7 Kxf7
12.Qd1f3 Bc8g4
13.Qf3f4 Na5c4
14.f3 g5
15.Qf4g3 Bg4d7
16.Nc3d5 Bb6a5
17.b4 Nf6h5
18.Qg3f2 Ba5b6
19.Qf2e2 Bd7b5
20.Nd5c3 Qd8d7
21.O-O Nc4xa3
22.Qe2d1 Na3c4
23.Be3f2 Nc4b2
24.Qd1c1 Bb5xf1
25.Kxf1 Nb2c4
26.f4 Nh5xf4
27.g3 Qd7h3
28.Ke1 Nf4g2
29.Kd1 Qh3g4
30.Nc3e2 Ra8e8
31.c3 Re8xe4
32.Qc1c2 Nc4e3
33.Bf2xe3 Ng2xe3
{ resign }
0-1

[Event "Match"]
[Site "www.echecsemail.com"]
[Date "2015.08.24"]
[Round "1"]
[White "Alessiov"]
[Black "Norbos"]
[WhiteElo "1610"]
[BlackElo "1600"]
[Result "1-0"]
[Round "1"]
1.e4 e5
2.Bf1c4 Ng8h6
3.Nb1c3 c6
4.Ng1f3 Bf8b4
5.O-O b5
6.Bc4e2 d6
7.a3 Bb4xc3
8.dxc3 a6
9.a4 O-O
10.axb5 cxb5
11.Bc1xh6 gxh6
12.Qd1d2 Qd8g5
13.Nf3xg5 hxg5
14.Be2xb5 Bc8b7
15.Qd2xg5 Kh8
16.Qg5e7 Rf8g8
17.Qe7xb7 { resign }
1-0

[Event "Eq:Los Tercios-La Taverne : "]
[Site "www.chess-mail.com"]
[Date "2015.08.24"]
[Round "1"]
[White "Guidom"]
[Black "Julianlore"]
[WhiteElo "2230"]
[BlackElo "2600"]
[Result "0-1"]
[Round "1"]
1.e4 c5
2.Ng1f3 Nb8c6
3.c4 e6
4.Nb1c3 Ng8f6
5.d3 d5
6.exd5 exd5
7.Bc1g5 Bf8e7
8.Bf1e2 Bc8e6
9.O-O O-O
10.a3 h6
11.Bg5h4 g5
12.Bh4g3 d4
13.Nc3b1 Nf6h5
14.Nb1d2 g4
15.Nf3e1 f5
16.f4 Nh5xg3
17.hxg3 a5
18.Ne1c2 Be6d7
19.Kf2 Rf8e8
20.Rf1h1 Be7f8
21.Ra1b1 Qd8f6
22.Rh1h5 Re8e7
23.Qd1h1 Ra8e8
24.Rb1e1 a4
25.b3 Nc6a5
26.b4 Na5b3
27.Nd2b1 Nb3c1
28.Be2f1 Re7xe1
29.Nc2xe1 b5
30.Qh1h4 Qf6e6
31.Ne1c2 bxc4
32.bxc5 cxd3
33.Nb1d2 dxc2
34.Bf1c4 Nc1d3
{ resign }
0-1

[Event "Fast Game"]
[Site "www.echecsemail.com"]
[Date "2015.08.24"]
[Round "1"]
[White "Stevep84"]
[Black "Fkarpov"]
[WhiteElo "1950"]
[BlackElo "1860"]
[Result "1-0"]
[Round "1"]
1.e4 e6
2.d4 c5
3.Ng1f3 Bf8e7
4.b3 cxd4
5.Nf3xd4 Ng8f6
6.Nb1d2 e5
7.Nd4f5 O-O
8.Bc1b2 d6
9.Bf1d3 Bc8xf5
10.exf5 Nb8c6
11.Qd1e2 Nf6d5
12.g3 Be7g5
13.h4 Bg5xd2
14.Qe2xd2 Nc6d4
15.Bd3e4 Nd5f6
16.Be4xb7 Ra8b8
17.Bb7g2 Nd4xf5
18.O-O-O Qd8b6
19.Bg2h3 Nf6e4
20.Qd2d3 Ne4xf2
21.Qd3xf5 Qb6e3
22.Kb1 Nf2xh1
23.Rd1xh1 Qe3xg3
24.Bh3f1 Qg3f4
25.Qf5xf4 exf4
26.Rh1g1 f6
27.Bf1d3  { time }
1-0

[Event "Fast Game"]
[Site "www.echecsemail.com"]
[Date "2015.08.24"]
[Round "1"]
[White "Fkarpov"]
[Black "Mitja"]
[WhiteElo "1840"]
[BlackElo "1660"]
[Result "0-1"]
[Round "1"]
1.e4 d5
2.exd5 Qd8xd5
3.Nb1c3 Qd5d8
4.Ng1f3 c6
5.Bf1c4 e6
6.O-O Ng8f6
7.d4 Nb8d7
8.Bc1g5 Bf8e7
9.Bg5xf6 Be7xf6
10.Nc3e4 Nd7b6
11.Bc4b3 h6
12.Rf1e1 Nb6d5
13.Bb3xd5 cxd5
14.Ne4c5 O-O
15.Qd1e2 b6
16.Nc5d3 Bc8a6
17.b3 Ra8c8
18.Ra1c1 Bf6e7
19.Qe2d2 Be7d6
20.Nd3e5 Qd8e7
21.c3 Qe7e8
22.Qd2c2 Qe8e7
23.Qc2d2 Rc8c7
24.b4 Rf8c8
25.Qd2e3 Qe7e8
26.a3 f6
27.Ne5g6 Bd6f8
28.Nf3h4 Rc7c6
29.Ng6xf8 Kxf8
30.a4 Ba6c4
31.b5 Rc6d6
32.Qe3g3 Rc8d8
33.Rc1b1 Qe8f7
 { time }
0-1

[Event "Tourn. n8354"]
[Site "www.chess-mail.com"]
[Date "2015.08.25"]
[Round "1"]
[White "Scasan55"]
[Black "Jhw"]
[WhiteElo "2030"]
[BlackElo "2289"]
[Result "1/2-1/2"]
[Round "1"]
1.e4 c5
2.c3 e5
3.d4 cxd4
4.cxd4 Bf8b4
5.Bc1d2 Qd8a5
6.dxe5 Bb4xd2
7.Qd1xd2 Qa5xe5
8.Nb1c3 Ng8e7
9.Ng1f3 Qe5c5
10.Ra1c1 Qc5a5
11.Bf1e2 a6
12.O-O Nb8c6
13.a3 O-O
14.Rf1d1 b5
15.Nc3d5 Ne7xd5
16.Qd2xd5 Qa5c7
17.Nf3d4 Bc8b7
18.Nd4xc6 Bb7xc6
19.Qd5f5 g6
20.Qf5g4 Ra8e8
21.f3 h5
22.Qg4g5 Re8e5
23.Qg5f4 f6
24.Qf4h6 Kf7
25.Qh6h7 Ke6
26.Qh7h6 Rf8g8
27.Qh6e3 f5
28.Qe3b3 d5
29.exd5 Re5xd5
30.Rd1xd5 Bc6xd5
31.Qb3xd5 Kxd5
32.Rc1xc7 Rg8e8
{ draw }
1/2-1/2

[Event "Tourn. n8361"]
[Site "www.chess-mail.com"]
[Date "2015.08.25"]
[Round "1"]
[White "Louis"]
[Black "Bojan"]
[WhiteElo "1850"]
[BlackElo "1970"]
[Result "0-1"]
[Round "1"]
1.c4 g6
2.e4 Bf8g7
3.d4 e5
4.d5 d6
5.Nb1c3 f5
6.exf5 Bc8xf5
7.Ng1f3 e4
8.Nf3d4 Nb8a6
9.Nd4xf5 gxf5
10.Qd1h5 Kf8
11.Qh5xf5 Ng8f6
12.Nc3xe4 h6
13.Bf1e2 Qd8e7
14.Ne4xf6 Bg7xf6
15.O-O Qe7g7
16.Be2h5 Rh8g8
17.Qf5e6 Qg7xg2
{ resign }
0-1

[Event "Tourn. n8345"]
[Site "www.chess-mail.com"]
[Date "2015.08.25"]
[Round "1"]
[White "Xkafi"]
[Black "Ffdd65"]
[WhiteElo "2060"]
[BlackElo "2210"]
[Result "0-1"]
[Round "1"]
1.e4 e5
2.a3 d5
3.exd5 Qd8xd5
4.Nb1c3 Qd5e6
5.Nc3e4 h6
6.Qd1f3 Ng8f6
7.Ne4xf6 Qe6xf6
8.Qf3b3 Bf8c5
9.Qb3f3 Nb8d7
10.Bf1c4 O-O
11.Qf3g3 Nd7b6
12.Bc4a2 Bc8f5
13.c3 Bf5e4
14.Ng1f3 Be4d3
15.b4 Bc5d6
16.Nf3g1 e4
17.Ng1h3 Bd6xg3
{ resign }
0-1

[Event "Tourn. n8342"]
[Site "www.chess-mail.com"]
[Date "2015.08.25"]
[Round "1"]
[White "Xkafi"]
[Black "Heiserman"]
[WhiteElo "2050"]
[BlackElo "2250"]
[Result "1-0"]
[Round "1"]
1.e4 c6
2.Nb1c3 d5
3.e5 Bc8f5
4.h3 h6
5.d3 e6
6.Bc1f4 Bf8b4
7.d4 Nb8d7
8.Qd1f3 Bf5xc2
9.Ng1e2 Qd8b6
10.Qf3g3 g5
11.Bf4c1 Ng8e7
12.Qg3g4 Ne7f5
13.Bc1d2 c5
14.a3 cxd4
15.axb4 dxc3
16.Bd2xc3 Bc2e4
17.Bc3d2 Nd7xe5
18.Qg4h5 Ke7
19.Ne2g3 Nf5d4
20.Ra1c1 Nd4c2
21.Rc1xc2 Be4xc2
22.Bf1e2 Ne5d3
23.Be2xd3 Bc2xd3
24.Qh5f3 Qb6d4
25.Bd2c3 Qd4c4
26.Bc3xh8 Qc4xb4
27.Bh8c3 Qb4b5
28.Kd2 Bd3g6
29.Qf3f6 Kd7
30.Qf6d4 Ra8c8
31.Rh1c1 a6
32.Rc1a1 Rc8c4
33.Qd4e3 Qb5b3
34.Ra1c1 b5
35.Qe3a7 Rc4c7
36.Qa7xa6 b4
37.Qa6b5 Rc7c6
38.Bc3f6 Qb3d3
39.Qb5xd3 Bg6xd3
40.Rc1xc6 Kxc6
41.Kxd3 Kb5
42.Kd4 { resign }
1-0

[Event "Tourn. n8322"]
[Site "www.chess-mail.com"]
[Date "2015.08.25"]
[Round "1"]
[White "Xkafi"]
[Black "Estonia"]
[WhiteElo "1990"]
[BlackElo "1809"]
[Result "1-0"]
[Round "1"]
1.e4 e5
2.Qd1h5 Ng8f6
3.Qh5xe5 Bf8e7
4.Nb1c3 Nb8c6
5.Qe5g3 O-O
6.d3 d6
7.Bf1e2 Nc6e5
8.h3 Ne5g6
9.h4 h6
10.h5 Ng6e5
11.Bc1xh6 Ne5g4
12.Bh6d2 Rf8e8
13.h6 g6
14.f4 Kh7
15.f5 Ng4e5
16.Be2h5 Nf6xh5
17.Rh1xh5 Re8g8
18.fxg6 Rg8xg6
19.Qg3f2 Bc8g4
20.Rh5xe5 Be7h4
21.g3 Bh4xg3
22.Qf2xg3 dxe5
23.Qg3xe5 Qd8h4
24.Kf1 Rg6f6
25.Bd2f4 Bg4h3
26.Ng1xh3 Qh4xh3
27.Ke1 Rf6g6
28.Kd2 c6
29.Nc3e2 Qh3e6
30.Qe5c7 Rg6g2
31.Ra1f1 Ra8f8
32.b3 Qe6g4
33.Rf1e1 Kg8
34.Bf4e3 Qg4c8
35.Qc7e5 f6
36.Qe5h5 Qc8g4
37.Qh5c5 a6
38.h7 Kf7
39.Qc5c4 Qg4e6
40.Re1h1 Rf8h8
41.Ke1 Qe6xc4
42.bxc4 b5
43.Ne2d4 c5
44.Nd4f5 Rg2xc2
45.cxb5 axb5
46.a3 Rc2a2
47.Nf5d6 Ke6
48.Nd6xb5 Ra2a1
49.Kd2 Ra1xh1
50.Be3xc5 Rh8xh7
51.Kc3 Rh7b7
52.Kc4 Rh1c1
53.Nb5c3 Rb7b8
54.a4 f5
55.exf5 Kxf5
56.a5 Rb8c8
57.d4 Ke6
58.Kb4 Rc8b8
59.Bc5b6 Rc1a1
60.Nc3b5 Rb8xb6
61.axb6 Ra1h1
62.Kc5 Rh1c1
63.Kb4 Rc1b1
64.Kc4 Kd7
65.d5 Kc8
66.d6 { resign }
1-0

[Event "Match"]
[Site "www.echecsemail.com"]
[Date "2015.08.25"]
[Round "1"]
[White "Attatroll"]
[Black "Jhw"]
[WhiteElo "1900"]
[BlackElo "1779"]
[Result "1-0"]
[Round "1"]
1.e4 e5
2.f4 Ng8f6
3.Bf1c4 Nf6xe4
4.Qd1e2 Qd8h4
5.g3 Ne4xg3
6.Qe2f2 exf4
7.d4 Nb8c6
8.Bc1xf4 Ng3f5
9.Ng1f3 Qh4xf4
10.Bc4xf7 Kd8
11.O-O Bf8d6
12.Qf2g2 Nc6xd4
13.Nb1c3 Bd6c5
14.Kh1 g6
15.Nc3d5 Rh8f8
16.Nd5xf4 Nf5e3
17.Qg2g5 Bc5e7
18.Nf4e6 Nd4xe6
19.Qg5xe3 Rf8xf7
20.Nf3e5 Rf7xf1
21.Ra1xf1 Be7c5
22.Qe3h6 b6
23.Qh6xh7 Bc8b7
24.Ne5f3 Ne6g5
25.Qh7g8 Ke7
26.Qg8g7 Kd8
27.Qg7f6 Ke8
28.Qf6xg5 Kf7
29.Qg5f4 Kg7
30.Qf4e5 Kh6
31.Qe5xc7 Bb7e4
32.Qc7f4 Kg7
33.Qf4xe4 Ra8f8
34.Qe4e5 { resign }
1-0

[Event "Match"]
[Site "www.echecsemail.com"]
[Date "2015.08.25"]
[Round "1"]
[White "Stevo100"]
[Black "Cristiano"]
[WhiteElo "1870"]
[BlackElo "1980"]
[Result "0-1"]
[Round "1"]
1.d4 Ng8f6
2.Bc1f4 d6
3.e3 g6
4.Bf1e2 Bf8g7
5.c4 Nb8d7
6.Ng1f3 O-O
7.O-O c5
8.Nb1c3 a6
9.a4 b6
10.Qd1d2 Bc8b7
11.Ra1b1 d5
12.b4 cxb4
13.Rb1xb4 Nf6e4
14.Qd2c2 Ne4xc3
15.Qc2xc3 a5
16.Rb4b3 dxc4
17.Qc3xc4 Ra8c8
18.Qc4d3 f5
19.Qd3d2 Nd7f6
20.Rf1b1 Nf6d5
21.Bf4e5 Bg7h6
22.Qd2a2 e6
23.Rb3xb6 Nd5xb6
24.Qa2xe6 Rf8f7
25.Be5f6 Qd8xf6
26.Qe6xb6 Qf6xb6
27.Rb1xb6 Rf7e7
28.h4 f4
{ resign }
0-1

[Event "Match"]
[Site "www.echecsemail.com"]
[Date "2015.08.25"]
[Round "1"]
[White "Caspito"]
[Black "Fres"]
[WhiteElo "1740"]
[BlackElo "1499"]
[Result "0-1"]
[Round "1"]
1.e4 e5
2.Ng1f3 Nb8c6
3.Bf1c4 Bf8c5
4.c3 Ng8f6
5.Nf3g5 O-O
6.Ng5xf7 Rf8xf7
7.O-O d5
8.exd5 Nf6xd5
9.Qd1h5 Bc8e6
10.Bc4d3 Nd5f6
11.Qh5g5 Bc5e7
12.Qg5h4 Qd8xd3
13.b4 Nf6e4
14.Qh4h5 Ra8f8
15.f3 Be6g4
16.Qh5xg4 Ne4g5
17.Nb1a3 e4
18.f4 Nc6e5
19.Qg4d1 Rf7xf4
20.Rf1xf4 Rf8xf4
21.Bc1b2 e3
22.dxe3 Qd3xe3
23.Kh1 Rf4f2
24.Qd1d5 Ne5f7
25.Na3c4 Qe3e2
26.h3 Ng5e4
{ resign }
0-1

[Event "Match"]
[Site "www.echecsemail.com"]
[Date "2015.08.25"]
[Round "1"]
[White "Ostapbender"]
[Black "Jhw"]
[WhiteElo "2750"]
[BlackElo "2099"]
[Result "1-0"]
[Round "1"]
1.c4 g6
2.g3 c6
3.Bf1g2 a5
4.Nb1c3 e5
5.Ng1f3 Bf8g7
6.d4 f6
7.dxe5 fxe5
8.c5 Nb8a6
9.Nc3e4 Qd8e7
10.Ne4d6 Kd8
11.Bc1g5 Ng8f6
12.Nf3xe5 Rh8f8
13.Qd1d4 Kc7
14.Ne5c4 Na6b4
15.O-O Nb4c2
16.Qd4d2 Nc2xa1
17.Nc4b6 Ra8a6
18.Qd2f4 Kd8
19.Nb6xc8 Qe7xe2
20.Nc8b6 Ra6xb6
21.cxb6 Qe2xb2
22.Nd6f5 gxf5
23.Rf1e1 { resign }
1-0